Pays avec les plus d'utilisateurs de Facebook - Statistiques

Statistiques générales
  • Ce quiz a été pris 190 fois
  • Le résultat moyen est 14 sur 20
Statistiques - réponses
Utilisateurs
(en millions)
Pays % Correct
30,40 France
100%
175,00 Etats-Unis
99%
24,50 Allemagne
95%
109,05 Brésil
94%
83,75 Mexique
91%
27,95 Italie
88%
34,40 Royaume Uni
88%
314,60 Inde
87%
27,35 Argentine
84%
33,50 Colombie
65%
119,09 Indonésie
65%
22,15 Afrique du Sud
61%
37,30 Pakistan
56%
42,00 Egypte
51%
48,10 Thaïlande
51%
22,85 Pérou
50%
32,80 Turquie
50%
66,20 Vietnam
45%
80,30 Philippines
44%
43,25 Bangladesh
42%
Aucun quiz correspondant
Distribution des résultats
% des personnes avec chaque résultat
Percentile par nombre de réponses
Votre historique - résultats
Vous n’avez pas pris ce quiz